书目信息 |
| 题名: |
新法食雕与拼摆技艺
|
|
| 作者: | 李加乐 编著 | |
| 分册: | ||
| 出版信息: | 北京 中国轻工业出版社 1991 |
|
| 页数: | 196页 | |
| 开本: | 20cm | |
| 丛书名: | ||
| 单 册: | ||
| 中图分类: | TS972.1 , J314.9 | |
| 科图分类: | 85.931 | |
| 主题词: | 菜谱--装饰雕塑--中国 , 凉菜--菜谱--中国 | |
| 电子资源: | ||
| ISBN: | 7-5019-1034-0 | |
| 000 | 00989n|m0 2200301 450 | |
| 001 | 0102542580 | |
| 005 | 20121109170000.0 | |
| 010 | @a7-5019-1034-0@dCNY24.00 | |
| 011 | @a7-5019-1034-0 | |
| 100 | @a20021005d1991 em y0chiy0110 ea | |
| 101 | 0 | @achi |
| 102 | @aCN@b110000 | |
| 105 | @aa z 000yy | |
| 135 | @adrbn ---auuuu | |
| 200 | 1 | @a新法食雕与拼摆技艺@9Xin Fa Shi;Si Diao Yu Pin Bai Ji Yi @e[图集]@f李加乐编著@b电子资源.图书 |
| 210 | @a北京@c中国轻工业出版社@d1991 | |
| 215 | @a196页@c彩照及图@d20cm | |
| 314 | @a李加乐(1952~),蒙古族,特三级烹调师,内蒙古科尔沁宾馆工作 | |
| 325 | @a电子复制品 | |
| 330 | @a本书介绍了新型工艺模具刀在食品雕刻、象形拼盘、冷碟制作上的应用,包括147例作品,73组206件模具刀。 | |
| 606 | 0 | @a菜谱@x装饰雕塑@y中国 |
| 606 | 0 | @a凉菜@x菜谱@y中国 |
| 690 | @aTS972.1@v3 | |
| 690 | @aJ314.9@v3 | |
| 692 | @a85.931 | |
| 701 | 0 | @a李加乐@9li jia le@4编著 |
| 801 | 0 | @aCN@bAZmarc@c20230903 |
| 905 | @dTS972.1@e405@f1@sTS972.1/405@aBZT | |
| 新法食雕与拼摆技艺:[图集]/李加乐编著[电子资源.图书].-北京:中国轻工业出版社,1991 |
| 196页:彩照及图;20cm |
| ISBN 7-5019-1034-0:CNY24.00 |
| 本书介绍了新型工艺模具刀在食品雕刻、象形拼盘、冷碟制作上的应用,包括147例作品,73组206件模具刀。 |
| ● |
| 相关链接 |
|
|
|
正题名:新法食雕与拼摆技艺
索取号:TS972.1/405
 
预约/预借
| 序号 | 登录号 | 条形码 | 馆藏地/架位号 | 状态 | 备注 |
| 1 | 2000049420 | 2000049420 | 旧书回溯/ [索取号:TS972.1/405] | 在馆 |